The inner edge : effective spiritually in your life and work

Bibliographic Details
Main Author: Wedemeyer, Richard A.
Other Authors: Jue, Ronald W.
Format: Book
Published: Chicago : McGraw-Hill , 2002
Subjects:

MARC

LEADER 00000cam a2200000 7i4500
001 0000010626
005 20220331.0
020 |a 0809295415 
040 |a INS 
090 0 0 |a BL625.9.B87   |b .W43 2002 
100 1 |a Wedemeyer, Richard A. 
245 1 4 |a The inner edge :   |b effective spiritually in your life and work   |c Richard A Wedemeyer 
260 |a Chicago :   |b McGraw-Hill ,   |c 2002 
300 |a xvii, 317p ;   |c 23cm. 
504 |a Includes bibliographical references and index 
650 0 0 |a Business people   |x Religious life 
650 0 0 |a Spiritual life 
700 1 |a Jue, Ronald W. 
999 |a 0000009840   |b BOOK   |c Open Shelf   |e Default branch